01873nam a2200265 a 450000100100000000500170001000800410002704000250006808200150009311101000010824501180020826000870032630000200041350000730043350504570050659000260096371001390098970000440112870000330117270000250120595201280123095201130135895201190147199900170159000002533720240308073618.0110215s1989 dr r 000 0 spa d aDO-SdBNPbspacBNPHU axxxxbxxxx2 aSeminario grandes figuras de la evangelización de Américad(2: 1989cSanto Domingo )95189010aFray Bartolomé de las Casas :bevangelizador y defensor de los indios /cFrancisco José Arnáiz ...[et al.]. aSanto Domingo :bComisión Presidencial de Apoyo al Desarrollo Provincial,c1989. a68 p. ;c22 cm. aIncluye referencias bibliográficas y notas al pie de las páginas0 aPalabras de Salutación / José Chez Checo -- Fray Bartolomé de las Casas, evangelizador y defensor de los indios / Mons. Francisco José Arnáis -- El profetismo de las Casas y la desnutrición de las indios / Carlos Esteban Deive-- Bartolomé de las Casas precursor de los pueblos de indios / Pedro Julio Santiago -- La personalidad conflectiva de Fray Bartolomé de las Casas / Carlos Dobal -- Palabra de clausura/ Rev. Padre Ramón Alonso aInventariado, 2019/BT2 aComisión Dominicana Permanente para la Celebración del Quinto Centenario del Descubrimiento y Evangelización de América9376461 aDeive, Carlos Esteban,d1935-2019919161 aSantiago, Pedro Julio9445731 aDobal, Carlos926322 001054708DSaGRbGRcHDd2018-10-12iLF1l0oxxxx xxxxp25337-30r2020-06-25te. 3w2020-06-25yLFDSZPréstamo en sala 0010718PDaPDbPDcHDd2011-02-15iLF1l0oxxxx xxxxp25337-10r2020-06-25w2020-06-25yLFPDZNo se presta 0010718PDaPDbPDcHDd2011-05-04iLF1l0oxxxx xxxxp25337-20r2020-06-25te. 2w2020-06-25yLFPDZNo se presta c24829d24829